Welcome to the Holygrace Academy Library

Please use search bar below to get started

NANCY DREW (Record no. 3422)

MARC details
000 -LEADER
fixed length control field 00334nam a22001337a 4500
020 ## - INTERNATIONAL STANDARD BOOK NUMBER
ISBN 978-0-671-00052-3
082 ## - DEWEY DECIMAL CLASSIFICATION NUMBER
Classification number 823
Item number KEE/S
100 ## - MAIN ENTRY--AUTHOR NAME
Personal name KEENE, CAROLYN
245 ## - TITLE STATEMENT
Title NANCY DREW
Remainder of title THE SECRET OF CANDELIGHT INN
260 ## - PUBLICATION, DISTRIBUTION, ETC. (IMPRINT)
Place of publication NEW YORK
Name of publisher ALLADIN PAPERBACKS
Year of publication 2002
300 ## - PHYSICAL DESCRIPTION
Number of Pages 149
650 ## - SUBJECT ADDED ENTRY--TOPICAL TERM
Topical Term STORY BOOK
Geographic subdivision UNITED STATES
942 ## - ADDED ENTRY ELEMENTS (KOHA)
Koha item type Books
Holdings
Withdrawn status Lost status Collection code Home library Current library Shelving location Date acquired Source of acquisition Full call number Accession Number Koha item type
    Fiction Main Library Main Library SHELF-14G- ALPHABETICAL J,K,L --ENGLISH NOVELS & FICTIONS 15/06/2009 purchase 823 KEE/S 04855 Books